7th Conference on Waves and Stability in Continuous Media : Bologna, Italy, October 4-9, 1993 (Record no. 7747)
[ view plain ]
| 000 -LEADER | |
|---|---|
| fixed length control field | 00929 a2200229 4500 |
| 020 ## - INTERNATIONAL STANDARD BOOK NUMBER | |
| International Standard Book Number | 9810218788 |
| 035 ## - SYSTEM CONTROL NUMBER | |
| System control number | (OCoLC)31876567 |
| 040 ## - CATALOGING SOURCE | |
| Original cataloging agency | DLC |
| Language of cataloging | English |
| 082 00 - DEWEY DECIMAL CLASSIFICATION NUMBER | |
| Classification number | 531.1133 |
| 245 10 - TITLE STATEMENT | |
| Title | 7th Conference on Waves and Stability in Continuous Media : Bologna, Italy, October 4-9, 1993 |
| Statement of responsibility, etc. | editors, Salvatore Rionero, Tommaso Ruggeri. |
| 260 ## - PUBLICATION, DISTRIBUTION, ETC. | |
| Place of publication, distribution, etc. | Singapore ; |
| -- | River Edge, NJ : |
| Name of publisher, distributor, etc. | World Scientific, |
| Date of publication, distribution, etc. | c1994. |
| 300 ## - PHYSICAL DESCRIPTION | |
| Extent | xiii, 429 p. : |
| Other physical details | ill. ; |
| Dimensions | 23 cm. |
| 440 #0 - SERIES STATEMENT/ADDED ENTRY--TITLE | |
| Title | Series on advances in mathematics for applied sciences ; |
| Volume/sequential designation | v. 23 |
| 650 #0 - SUBJECT ADDED ENTRY--TOPICAL TERM | |
| Topical term or geographic name entry element | Wave-motion, Theory of |
| General subdivision | Congresses. |
| 650 #0 - SUBJECT ADDED ENTRY--TOPICAL TERM | |
| Topical term or geographic name entry element | Stability |
| General subdivision | Congresses. |
| 700 1# - ADDED ENTRY--PERSONAL NAME | |
| Personal name | Rionero, Salvatore. |
| 700 1# - ADDED ENTRY--PERSONAL NAME | |
| Personal name | Ruggeri, Tommaso. |
| 740 0# - ADDED ENTRY--UNCONTROLLED RELATED/ANALYTICAL TITLE | |
| Uncontrolled related/analytical title | Conference on Waves and Stability in Continuous Media. |
| 740 0# - ADDED ENTRY--UNCONTROLLED RELATED/ANALYTICAL TITLE | |
| Uncontrolled related/analytical title | Waves and stability in continuous media. |
| 740 0# - ADDED ENTRY--UNCONTROLLED RELATED/ANALYTICAL TITLE | |
| Uncontrolled related/analytical title | Seventh Conference on Waves and Stability in Continuous Media. |
| 942 ## - ADDED ENTRY ELEMENTS (KOHA) | |
| Koha item type | Book |
| Call number prefix | 531.1133 RIO |
| Source of classification or shelving scheme | |
| Withdrawn status | Lost status | Damaged status | Not for loan | Collection code | Permanent Location | Current Location | Shelving location | Date acquired | Source of acquisition | Total Checkouts | Full call number | Barcode | Date last seen | Price effective from | Koha item type |
|---|---|---|---|---|---|---|---|---|---|---|---|---|---|---|---|
| Central Library (CL) | Central Library (CL) | General Stacks | 03/06/2003 | Donated by Dr. Arshad Ali | 531.1133 RIO | SEECS003180 | 11/14/2012 | 01/05/2017 | Book |
